[Event "St Ingbert op"]
[Site "St Ingbert"]
[Date "1988.??.??"]
[Round "3"]
[White "Mischke, Luis"]
[Black "Van Leoprechting, R."]
[Result "1-0"]
[WhiteElo "2072"]
[BlackElo "1600"]
[PlyCount "67"]
[EventDate "1988.08.20"]
[EventType "swiss"]
[EventRounds "9"]
[EventCountry "GER"]
[SourceTitle "EXT 2002"]
[Source "ChessBase"]
[SourceDate "2001.11.25"]
[SourceVersion "1"]
[SourceVersionDate "2001.11.25"]
[SourceQuality "1"]

1. e4 e6 2. d4 d5 3. Nc3 Nf6 4. e5 Nfd7 5. f4 c5 6. Nf3 a6 7. Be3 Nc6 8. Qd2 Be7 9. Be2 b5 10. Nd1 Qb6 11. c3 a5 12. a3 Ba6 13. dxc5 Bxc5 14. b4 Bxe3 15. Qxe3 Qxe3 16. Nxe3 Ke7 17. Nc2 axb4 18. axb4 Nb6 19. Ncd4 Nxd4 20. Nxd4 Nc4 21. Bxc4 bxc4 22. Kd2 Kd7 23. Ke3 g6 24. Ra5 Rhc8 25. Rha1 Bb7 26. Rxa8 Rxa8 27. Rxa8 Bxa8 28. Nb5 Bc6 29. Nd6 f6 30. Kd4 Ba4 31. Kc5 g5 32. g3 fxe5 33. fxe5 Kc7 34. Nf7 1-0

[Event "St Ingbert op"]
[Site "St Ingbert"]
[Date "1988.??.??"]
[Round "5"]
[White "Van Leoprechting, R."]
[Black "Kiani, Alexander"]
[Result "0-1"]
[WhiteElo "1600"]
[BlackElo "1400"]
[PlyCount "70"]
[EventDate "1988.08.20"]
[EventType "swiss"]
[EventRounds "9"]
[EventCountry "GER"]
[SourceTitle "EXT 2002"]
[Source "ChessBase"]
[SourceDate "2001.11.25"]
[SourceVersion "1"]
[SourceVersionDate "2001.11.25"]
[SourceQuality "1"]

1. e4 e5 2. Nf3 Nf6 3. d4 Nxe4 4. Bd3 d5 5. Nxe5 Bd6 6. 0-0 Be6 7. Qe2 Bxe5 8. dxe5 Nc5 9. Rd1 Nbd7 10. b4 Nxd3 11. Rxd3 Qh4 12. Nd2 Nb6 13. Nb3 Nc4 14. Rd4 Qe7 15. c3 h5 16. h3 0-0-0 17. Na5 g5 18. Be3 g4 19. Nxc4 gxh3 20. Na5 hxg2 21. Qb5 c6 22. Bg5 Qc7 23. Qe2 Rdg8 24. Bf6 Rh6 25. Qd2 Rhg6 26. c4 Qd7 27. b5 Rg4 28. bxc6 bxc6 29. cxd5 Bxd5 30. Nxc6 Rxd4 31. Nxd4 Qh3 32. Rd1 Kd7 33. e6+ fxe6 34. f4 Qh1+ 35. Kf2 g1Q+ 0-1